000 00286nam a22001217a 4500
008 180607b xxu||||| |||| 00| 0 eng d
041 _aeng
080 _a043.3
100 _a0
101 _aSHKI-MA
245 _aSecurity and Privacy in Cloud Computing
_cTredhaku, Sh
942 _2udc
_cBK
999 _c46533
_d46533